| 000 | 00637nam a2200181 a 4500 | ||
|---|---|---|---|
| 001 | 5610 | ||
| 003 | CDMR | ||
| 005 | 20131125175452.0 | ||
| 008 | 130130s1969||||||||||||||||||||||||||||d | ||
| 040 |
_aCDMR _bcat _cCDMR |
||
| 245 | 0 |
_aTextos legales _b: Prensa _cbajo la dirección de Eduardo Martínez de Salinas |
|
| 260 |
_aMadrid _c1969 _bMinisterio de Información y Turismo. Secretaria General Técnica |
||
| 300 | _a457 p. | ||
| 650 | 0 | 4 |
_94383 _aPremsa _xDret i legislació _zEspanya |
| 700 | 1 |
_94385 _aMartínez de Salinas y Mendoza, Eduardo _ecomp. |
|
| 710 | 1 |
_94357 _aEspanya _b -- Ministerio de Información y Turismo |
|
| 942 |
_cMON _2udc |
||
| 999 |
_c5610 _d5610 |
||